000 01437nam0a2200325 i 4500
001 RU\NLR\BIBL_A\010862490
005 20260607083320.0
010 _a9785934881734
021 _aRU
_b2015-71431
_94279
035 _a(NILC)RuMoRGB-008020898
035 _a(NLR Aleph) 010862490
090 _a10427750
_c10427750
100 _a20151015d2015 km y0rusy50 ca
101 0 _arus
102 _aRU
105 _aacb|z|||000yy
200 1 _aУдомля
_e[очерк]
_fВиноградов Б.К., Иванова Н.И.
_gКультур.- ист. фонд "Удомля"
210 _aВышний Волочёк
_cИрида-прос
_d2015
215 _a159 с.
_cил., портр., карт., цв. ил.
_d26
300 _aНа обл. авт. не указаны
607 _aУдомля, город ( Тверская область)
_xНародное хозяйство
_92261608
_3RU\NLR\AUTH\6601585789
675 _a94(47)
686 1 _aУ03(2Р-4Тв-2У)74
700 1 _7ca
_8rus
_aВиноградов
_bБ. К.
_cканд. геол.-минерал. наук
_f1941-2021
_gБорис Константинович
_3RU\NLR\AUTH\770150487
_9150450
701 1 _aИванова
_bН. И.
_cтележурналист
_gНаталья Ивановна
_9150721
_3RU\NLR\AUTH\770150758
801 0 _aRU
_bРГБ
_c20150914
_gRCR
942 _cBOOK
980 _aNBR